Head to head - countries - Statistics

General Stats
  • This quiz has been taken 569 times
    350 since last reset
  • The average score is 6 of 9
Answer Stats
Question Answer % Correct
Higher population
91%
Borders only one country
89%
More tourists yearly
84%
Bigger land
65%
More population density
65%
Less population density
63%
Higher percentage of Christians
60%
More homogenous
42%
More tourists yearly
28%
No matching quizzes found
Score Distribution
Percent of People with Each Score
Percentile by Number Answered
Your Score History
You have not taken this quiz since the last reset